| 000 | 00646nam a22001697a 4500 | ||
|---|---|---|---|
| 999 |
_c12537 _d12537 |
||
| 008 | 190130b ||||| |||| 00| 0 eng d | ||
| 082 |
_22018 _aUT 1148 _bA35 |
||
| 100 |
_aAldaya, Vierlyn T. _935370 |
||
| 245 |
_aEnglish language anxiety and test anxiety of BSED English Students in UMDC / _cVierlyn T. Aldaya, Resa Mae B. Quillip, and Analyn L. Aristales |
||
| 260 |
_aDigos City: _bUMDC _cNovember 2018. |
||
| 300 |
_a44 pages; _c30 cm. |
||
| 650 |
_aEducation _vEnglish _xUndergraduate thesis. _935371 |
||
| 700 |
_aAldaya, Vierlyn T. _935370 |
||
| 700 |
_aQuillip, Resa Mae B. _935372 |
||
| 700 |
_aAristales, Analyn L. _935373 |
||
| 942 |
_2ddc _cUT |
||